| 000 | 02275nam a2200265Ia 4500 | ||
|---|---|---|---|
| 999 |
_c55443 _d55443 |
||
| 001 | 22525 | ||
| 003 | GE_BSU | ||
| 005 | 20210330124119.0 | ||
| 008 | 181216s2016||||ge |||||||||||||| ||geo|| | ||
| 040 | _cGE_BSU | ||
| 041 | _ageo | ||
| 080 | _a94 კ-88 | ||
| 100 |
_aკუკულაძე, გუგული _910837 |
||
| 245 |
_aსაქართველო გზად: სტალინიზმის ჩრდილების პარლამენტის როლი ქვეყნის ტერიტორიული მთლიანობის შენარჩუნებისთვის ბრძოლის პროცესში 1918-1920 წწ. (სამხრეთ-დასავლეთ საქართველო) / _cგუგული კუკულაძე; სამეცნიერო ხელმძღვანელი ი. ბარამიძე, ნ. ზოსიძე; ბათუმის შოთა რუსთაველის სახ-ფო უნ-ტი. ჰუმანიტარულ მეცნიერებათა ფაკ-ტი. |
||
| 264 |
_aბათუმი, _c2016. |
||
| 300 |
_a195 გვ. ; _b30 სმ. |
||
| 653 | _aისტორია | ||
| 653 | _aარქეოლოგია | ||
| 653 | _aდისერტაცია | ||
| 653 | _aსაქართველო გზად : სტალინიზმის ჩრდილების პარლამენტის როლი ქვეყნის ტერიტორიული მთლიანობის შენარჩუნებისთვის ბრძოლის პროცესში 1918-1920 წწ. (სამხრეთ-დასავლეთ საქართველო) | ||
| 700 |
_aბარამიძე, ი. _eსამეცნიერო ხელმძღვანელი _95948 |
||
| 700 |
_aზოსიძე, ნ. _eსამეცნიერო ხელმძღვანელი _9141 |
||
| 710 |
_aბათუმის შოთა რუსთაველის სახ-ფო უნ-ტი _bჰუმანიტარულ მეცნიერებათა ფაკულტეტი _910838 |
||
| 942 |
_cBK _2udc |
||